000 00538nam a2200181Ia 4500
003 GCL
008 140319s9999 xx 000 0 ara d
040 _aGCL /
_cGCL
082 0 4 _a945.05
_bح ت
100 1 _aحسين فوزى
245 1 0 _aتأملات فى عصر الرينسانس /
_cحسين فوزى
300 _a190 ص
490 _aالهيئة العامة للاستعلامات
_v0
650 0 4 _aالتاريخ
650 0 4 _aايطاليا - تاريخ
650 0 4 _aعصر النهضة (1300 - 1494)
942 _2ddc
_cBK
999 _c50135
_d50135